Word Ladder Pyramid Quiz Stats

Quiz Updated Jan 27, 2012

Challenge
Share
Tweet
Embed
Score 0/210 Timer 06:00
7 Plays Today
% Correct
◊ Welcome to the Pyramid.
99.9%
Type in the words that
99.8%
match the descriptions
99.8%
in the different
99.8%
Word Ladders.
99.8%
► 3-Letter Word Ladder
99.8%
↓ ↓
99.8%
-Type of transportation
99.8%
-Aways away
99.8%
-____ better or worse
99.8%
-Mist; haze
99.8%
-Type of pet
99.8%
»When you get them
97.1%
all, type in the 5-word
97.1%
phrase that appears at the
97.1%
at the bottom.
97.1%
serve
94.3%
FOR
94.3%
tonight?
94.2%
*DOG
94.2%
Might
92.9%
*CAR
92.8%
ziti
92.3%
FOG
92.2%
they
88.5%
FAR
88.3%
►4-Letter Word Ladder
80.8%
↓ ↓
80.8%
-A walk in the ____
80.8%
-Prepare for a trip
80.8%
-Select or choose
80.8%
-Slang for 'detective'
80.8%
-Crap game necessities
80.8%
»Again, type in the 5-word
80.7%
phrase when you are done.
80.7%
Please
80.3%
*PARK
80.2%
avoid
80.2%
PACK
80.1%
poison
79.9%
PICK
79.8%
flowers,
76.5%
DICK
76.5%
campers.
76.3%
*DICE
76.3%
• • • •
74.7%
►5-Letter Word Ladder
74.7%
-Little ____ two-shoes
74.7%
-Soft and sticky
74.7%
-Silly or worthless; bunk
74.7%
-Sweet stuff made by bees
74.7%
-Currency
74.7%
»You know the drill by now.
74.6%
Type in the five-word
74.6%
phrase that appears.
74.6%
⁰ ⁰ ⁰
74.6%
serious
74%
HONEY
74%
chanting.
73.8%
*MONEY
73.8%
Monks
68.9%
GOODY
68.8%
would
67.4%
GOOEY
67.4%
enjoy
65.6%
HOOEY
65.6%
►6-Letter Word Ladder
64.6%
-Alteration
64.6%
-Happenstance
64.6%
-Asking price/electric surge
64.6%
% Correct
Type it in to continue.
55.4%
↓ ↓
55.4%
↓ ↓
55.4%
»This time it will only
55.4%
be a 3-word phrase.
55.4%
purple
55.2%
CHANGE
55.1%
Gather
53.6%
CHARGE
53.5%
marbles.
53.2%
*CHANCE
53.2%
• • • •
51.7%
►7-Letter Word Ladder
51.7%
-Often pickled fish
51.7%
-Taking in sounds
51.7%
-Page-topping words
51.7%
-Studying component
51.7%
»Changing it up again…
49.2%
This time it will be
49.2%
a four-word phrase.
49.2%
twirl
48.8%
HEARING
48.8%
Chimps
48.5%
HERRING
48.5%
everywhere
47%
HEADING
47%
openly.
45.7%
*READING
45.7%
words in the 5 ladders
44.8%
below to figure out the
44.8%
8-letter theme of this
44.8%
pyramid, then type it in.
44.8%
⁰ ⁰ ⁰
44.8%
►Final Word:
44.8%
use all of the *starred
44.8%
Correct!!
19.9%
ΔΔΔΔΔΔΔΔΔΔΔΔΔΔΔΔΔΔΔΔ
19.8%
ΔΔΔΔΔΔΔΔΔΔΔΔΔΔΔΔΔΔΔΔ
19.8%
ΔΔΔΔΔΔΔΔΔΔΔΔΔΔΔΔΔΔΔΔ
19.8%
ΔΔΔΔΔΔΔΔΔΔΔΔΔΔΔΔΔΔΔΔ
19.8%
ΔΔΔΔΔΔΔΔΔΔΔΔΔΔΔΔΔΔΔΔ
19.8%
ΔΔΔΔΔΔΔΔΔΔΔΔΔΔΔΔΔΔΔΔ
19.8%
ΔΔΔΔΔΔΔΔΔΔΔΔΔΔΔΔΔΔΔΔ
19.8%
ΔΔΔΔΔΔΔΔΔΔΔΔΔΔΔΔΔΔΔΔ
19.8%
ΔΔΔΔΔΔΔΔΔΔΔΔΔΔΔΔΔΔΔΔ
19.8%
ΔΔΔΔΔΔΔΔΔΔΔΔΔΔΔΔΔΔΔΔ
19.8%
ΔΔΔΔΔΔΔΔΔΔΔΔΔΔΔΔΔΔΔΔ
19.8%
ΔΔΔΔΔΔΔΔΔΔΔΔΔΔΔΔΔΔΔΔ
19.8%
ΔΔΔΔΔΔΔΔΔΔΔΔΔΔΔΔΔΔΔΔ
19.8%
ΔΔΔΔΔΔΔΔΔΔΔΔΔΔΔΔΔΔΔΔ
19.8%
ΔΔΔΔΔΔΔΔΔΔΔΔΔΔΔΔΔΔΔΔ
19.8%
ΔΔΔΔΔΔΔΔΔΔΔΔΔΔΔΔΔΔΔΔ
19.8%
ΔΔΔΔΔΔΔΔΔΔΔΔΔΔΔΔΔΔΔΔ
19.8%
ΔΔΔΔΔΔΔΔΔΔΔΔΔΔΔΔΔΔΔΔ
19.8%
ΔΔΔΔΔΔΔΔΔΔΔΔΔΔΔΔΔΔΔΔ
19.8%
ΔΔΔΔΔΔΔΔΔΔΔΔΔΔΔΔΔΔΔΔ
19.8%
ΔΔΔΔΔΔΔΔΔΔΔΔΔΔΔΔΔΔΔΔ
19.8%
ΔΔΔΔΔΔΔΔΔΔΔΔΔΔΔΔΔΔΔΔ
19.8%
ΔΔΔΔΔΔΔΔΔΔΔΔΔΔΔΔΔΔΔΔ
19.8%
ΔΔΔΔΔΔΔΔΔΔΔΔΔΔΔΔΔΔΔΔ
19.8%
ΔΔΔΔΔΔΔΔΔΔΔΔΔΔΔΔΔΔΔΔ
19.8%
ΔΔΔΔΔΔΔΔΔΔΔΔΔΔΔΔΔΔΔΔ
19.8%
ΔΔΔΔΔΔΔΔΔΔΔΔΔΔΔΔΔΔΔΔ
19.8%
ΔΔΔΔΔΔΔΔΔΔΔΔΔΔΔΔΔΔΔΔ
19.8%
ΔΔΔΔΔΔΔΔΔΔΔΔΔΔΔΔΔΔΔΔ
19.8%
ΔΔΔΔΔΔΔΔΔΔΔΔΔΔΔΔΔΔΔΔ
19.8%
ΔΔΔΔΔΔΔΔΔΔΔΔΔΔΔΔΔΔΔΔ
19.8%
ΔΔΔΔΔΔΔΔΔΔΔΔΔΔΔΔΔΔΔΔ
19.8%
ΔΔΔΔΔΔΔΔΔΔΔΔΔΔΔΔΔΔΔΔ
19.8%
ΔΔΔΔΔΔΔΔΔΔΔΔΔΔΔΔΔΔΔΔ
19.8%
% Correct
ΔΔΔΔΔΔΔΔΔΔΔΔΔΔΔΔΔΔΔΔ
19.8%
ΔΔΔΔΔΔΔΔΔΔΔΔΔΔΔΔΔΔΔΔ
19.8%
ΔΔΔΔΔΔΔΔΔΔΔΔΔΔΔΔΔΔΔΔ
19.8%
ΔΔΔΔΔΔΔΔΔΔΔΔΔΔΔΔΔΔΔΔ
19.8%
ΔΔΔΔΔΔΔΔΔΔΔΔΔΔΔΔΔΔΔΔ
19.8%
ΔΔΔΔΔΔΔΔΔΔΔΔΔΔΔΔΔΔΔΔ
19.8%
ΔΔΔΔΔΔΔΔΔΔΔΔΔΔΔΔΔΔΔΔ
19.8%
ΔΔΔΔΔΔΔΔΔΔΔΔΔΔΔΔΔΔΔΔ
19.8%
ΔΔΔΔΔΔΔΔΔΔΔΔΔΔΔΔΔΔΔΔ
19.8%
ΔΔΔΔΔΔΔΔΔΔΔΔΔΔΔΔΔΔΔΔ
19.8%
ΔΔΔΔΔΔΔΔΔΔΔΔΔΔΔΔΔΔΔΔ
19.8%
ΔΔΔΔΔΔΔΔΔΔΔΔΔΔΔΔΔΔΔΔ
19.8%
ΔΔΔΔΔΔΔΔΔΔΔΔΔΔΔΔΔΔΔΔ
19.8%
ΔΔΔΔΔΔΔΔΔΔΔΔΔΔΔΔΔΔΔΔ
19.8%
ΔΔΔΔΔΔΔΔΔΔΔΔΔΔΔΔΔΔΔΔ
19.8%
ΔΔΔΔΔΔΔΔΔΔΔΔΔΔΔΔΔΔΔΔ
19.8%
ΔΔΔΔΔΔΔΔΔΔΔΔΔΔΔΔΔΔΔΔ
19.8%
ΔΔΔΔΔΔΔΔΔΔΔΔΔΔΔΔΔΔΔΔ
19.8%
ΔΔΔΔΔΔΔΔΔΔΔΔΔΔΔΔΔΔΔΔ
19.8%
ΔΔΔΔΔΔΔΔΔΔΔΔΔΔΔΔΔΔΔΔ
19.8%
¦ ¦ ¦ ¦ ¦ ¦ ¦ ¦ ¦ ¦ ¦
19.8%
¦ ¦ ¦ ¦ ¦ ¦ ¦ ¦ ¦ ¦ ¦
19.8%
¦ ¦ ¦ ¦ ¦ ¦ ¦ ¦ ¦ ¦ ¦
19.8%
¦ ¦ ¦ ¦ ¦ ¦ ¦ ¦ ¦ ¦ ¦
19.8%
¦ ¦ ¦ ¦ ¦ ¦ ¦ ¦ ¦ ¦ ¦
19.8%
¦ ¦ ¦ ¦ ¦ ¦ ¦ ¦ ¦ ¦ ¦
19.8%
¦ ¦ ¦ ¦ ¦ ¦ ¦ ¦ ¦ ¦ ¦
19.8%
¦ ¦ ¦ ¦ ¦ ¦ ¦ ¦ ¦ ¦ ¦
19.8%
¦ ¦ ¦ ¦ ¦ ¦ ¦ ¦ ¦ ¦ ¦
19.8%
¦ ¦ ¦ ¦ ¦ ¦ ¦ ¦ ¦ ¦ ¦
19.8%
¦ ¦ ¦ ¦ ¦ ¦ ¦ ¦ ¦ ¦ ¦
19.8%
¦ ¦ ¦ ¦ ¦ ¦ ¦ ¦ ¦ ¦ ¦
19.8%
¦ ¦ ¦ ¦ ¦ ¦ ¦ ¦ ¦ ¦ ¦
19.8%
¦ ¦ ¦ ¦ ¦ ¦ ¦ ¦ ¦ ¦ ¦
19.8%
¦ ¦ ¦ ¦ ¦ ¦ ¦ ¦ ¦ ¦ ¦
19.8%
Δ WINNER Δ
19.8%
! Δ ! Δ ! Δ !
19.8%
! Δ ! Δ ! Δ !
19.8%
! Δ ! Δ ! Δ !
19.8%
Δ WINNER Δ
19.8%
⁰ ⁰ ⁰
19.8%
Δ PYRAMID Δ
19.8%
Δ WINNER Δ
19.8%
Δ PYRAMID Δ
19.8%
Δ WINNER Δ
19.8%
Δ PYRAMID Δ
19.8%
Δ WINNER Δ
19.8%
! Δ ! Δ ! Δ !
19.8%
Δ THE PYRAMID Δ
19.8%
¦ ¦ ¦ ¦ ¦ ¦ ¦ ¦ ¦ ¦ ¦
19.8%
¦ ¦ ¦ ¦ ¦ ¦ ¦ ¦ ¦ ¦ ¦
19.8%
¦ ¦ ¦ ¦ ¦ ¦ ¦ ¦ ¦ ¦ ¦
19.8%
¦ ¦ ¦ ¦ ¦ ¦ ¦ ¦ ¦ ¦ ¦
19.8%
¦ ¦ ¦ ¦ ¦ ¦ ¦ ¦ ¦ ¦ ¦
19.8%
Δ WINNER Δ
19.8%
! Δ ! Δ ! Δ !
19.8%
¦ ¦ ¦ ¦ ¦ ¦ ¦ ¦ ¦ ¦ ¦
19.8%
¦ ¦ ¦ ¦ ¦ ¦ ¦ ¦ ¦ ¦ ¦
19.8%
¦ ¦ ¦ ¦ ¦ ¦ ¦ ¦ ¦ ¦ ¦
19.8%
¦ ¦ ¦ ¦ ¦ ¦ ¦ ¦ ¦ ¦ ¦
19.8%
¦ ¦ ¦ ¦ ¦ ¦ ¦ ¦ ¦ ¦ ¦
19.8%
¦ ¦ ¦ ¦ ¦ ¦ ¦ ¦ ¦ ¦ ¦
19.8%
¦ ¦ ¦ ¦ ¦ ¦ ¦ ¦ ¦ ¦ ¦
19.8%
¦ ¦ ¦ ¦ ¦ ¦ ¦ ¦ ¦ ¦ ¦
19.8%
¦ ¦ ¦ ¦ ¦ ¦ ¦ ¦ ¦ ¦ ¦
19.8%
¦ ¦ ¦ ¦ ¦ ¦ ¦ ¦ ¦ ¦ ¦
19.8%
Δ $100,000 Δ
19.8%
Δ CONGRATULATIONS! Δ
19.8%
Δ YOU ROCKED Δ
19.8%
Δ $100,000 Δ
19.8%

You're not logged in!

Compare scores with friends on all Sporcle quizzes.
Join for Free
OR
Log In

You Might Also Like...

Show Comments

Extras

Top Quizzes Today


Score Distribution

Your Account Isn't Verified!

In order to create a playlist on Sporcle, you need to verify the email address you used during registration. Go to your Sporcle Settings to finish the process.

Report this User

Report this user for behavior that violates our Community Guidelines.

Details: